000 00296nam a22001337a 4500
008 170323b xxu||||| |||| 00| 0 eng d
020 _a0443086931
041 _aeng
080 _a616.9
100 _a8
101 _aSHM
245 _aNEOPLASTIC DISEASES THE BLOOD
_cWIERNIK.P.H
942 _2udc
_cBK
999 _c8526
_d8526